000
00215nam a22000857a 4500
008
170118b xxu||||| |||| 00| 0 eng d
100
_9
2476
_a
Jaisari.F.
245
_a
English Grammar
260
_a
New Delhi
_b
Periwinkek
_c
2010
999
_c
5540
_d
5540